Alphabetically First Country Blitz Quiz Stats

Quiz Updated Nov 24, 2011

Challenge
Share
Tweet
Embed
Score 0/30 Timer 02:00
1 Play Today
% Correct
Argentina
90.2%
Brazil
84.7%
Australia
81.8%
Canada
77.9%
Chile
76.1%
Bolivia
74.1%
Colombia
68.3%
Algeria
66.6%
Andorra
61.8%
Angola
61.4%
Albania
59%
Austria
57.6%
Belize
56.6%
Antigua and Barbuda
56.3%
Bahamas
55.2%
% Correct
Barbados
53.4%
Afghanistan
53.4%
Azerbaijan
53.3%
Armenia
53.2%
Belgium
50.9%
Fiji
46.1%
Botswana
40.2%
Benin
38.6%
Belarus
33.2%
Bahrain
30.3%
Bangladesh
26.9%
Marshall Islands
25.8%
Kiribati
25.7%
Micronesia
23.5%
Burkina Faso
23.3%

You're not logged in!

Compare scores with friends on all Sporcle quizzes.
Join for Free
OR
Log In

You Might Also Like...

Show Comments

Extras

Top Quizzes Today


Score Distribution

Your Account Isn't Verified!

In order to create a playlist on Sporcle, you need to verify the email address you used during registration. Go to your Sporcle Settings to finish the process.

Report this User

Report this user for behavior that violates our Community Guidelines.

Details: